Quiz Chars Guerre Froide - Statistiques

Statistiques générales
  • Ce quiz a été pris 44 fois
  • Le résultat moyen est 8 sur 16
Statistiques - réponses
Par images Réponse % Correct
AMX 13
89%
IS3
87%
AMX 50 Surbaissé
74%
T55
71%
BMP1
68%
IS6
68%
Centurion
58%
Fox
55%
M48 Patton
37%
Marder A1
34%
M47 Patton
29%
Leopard 1A5
26%
AMX 50 TOA100
18%
Char 25t
18%
M60A1
18%
Type 69
8%
Aucun quiz correspondant
Distribution des résultats
% des personnes avec chaque résultat
Percentile par nombre de réponses
Votre historique - résultats
Vous n’avez pas pris ce quiz